[Event "SA-2018-0-00633"]
[Site "LSS email"]
[Date "2018.06.01"]
[Round "?"]
[White "Korzh, Leonty"]
[Black "Brotherton, Trevor S"]
[Result "0-1"]
[WhiteElo "2096"]
[BlackElo "2019"]
[PlyCount "22"]
[EventDate "2018.04.24"]
[EventType "tourn (corr)"]
[EventRounds "6"]
[EventCountry "GER"]
[SourceTitle "Corr 2022"]
[Source "ChessBase"]
[SourceDate "2021.10.24"]
[SourceVersion "1"]
[SourceVersionDate "2021.10.24"]
[SourceQuality "1"]

1. e4 Nf6 2. e5 Nd5 3. d4 d6 4. Nf3 Bg4 5. Be2 e6 6. h3 Bh5 7. c4 Nb6 8. exd6 cxd6 9. Nc3 Be7 10. d5 e5 11. g4 Bg6 0-1

[Event "SA-2018-0-00633"]
[Site "LSS email"]
[Date "2018.06.01"]
[Round "?"]
[White "Mesquita, Fausto Monteiro Jr"]
[Black "Korzh, Leonty"]
[Result "1-0"]
[WhiteElo "2063"]
[BlackElo "2096"]
[PlyCount "63"]
[EventDate "2018.04.24"]
[EventType "tourn (corr)"]
[EventRounds "6"]
[EventCountry "GER"]
[SourceTitle "Corr 2022"]
[Source "ChessBase"]
[SourceDate "2021.10.24"]
[SourceVersion "1"]
[SourceVersionDate "2021.10.24"]
[SourceQuality "1"]

1. d4 Nf6 2. c4 e6 3. Nf3 b6 4. g3 Bb7 5. Bg2 Be7 6. Nc3 Ne4 7. Bd2 Bf6 8. 0-0 0-0 9. Rc1 Nxd2 10. Qxd2 d6 11. e4 Nd7 12. Rcd1 g6 13. Rfe1 Bg7 14. d5 e5 15. b4 Qe7 16. h4 Nf6 17. Bh3 h5 18. Nh2 Kh7 19. Ra1 Bh6 20. Qc2 Bc8 21. Bxc8 Rfxc8 22. Nf3 a5 23. a3 c6 24. dxc6 Rxc6 25. Nd5 Qd8 26. Rad1 Nxd5 27. Rxd5 Qc7 28. Nd2 Bxd2 29. Qxd2 axb4 30. axb4 Kg7 31. Rd1 Rd8 32. c5 1-0

[Event "RA-2017-0-00494"]
[Site "LSS email"]
[Date "2017.01.02"]
[Round "?"]
[White "Sacerdotali, Sergio"]
[Black "Korzh, Leonty"]
[Result "1-0"]
[WhiteElo "2161"]
[BlackElo "2111"]
[PlyCount "77"]
[EventDate "2016.12.15"]
[EventType "tourn (corr)"]
[EventRounds "6"]
[EventCountry "GER"]
[SourceTitle "Corr 2022"]
[Source "ChessBase"]
[SourceDate "2021.10.24"]
[SourceVersion "1"]
[SourceVersionDate "2021.10.24"]
[SourceQuality "1"]

1. d4 Nf6 2. c4 e6 3. Nf3 d5 4. Nc3 Nbd7 5. cxd5 exd5 6. Bf4 c6 7. Qc2 Nh5 8. Bg5 Be7 9. Bxe7 Qxe7 10. e3 Nb6 11. Ne5 g6 12. Be2 Ng7 13. 0-0 Bf5 14. Qb3 0-0 15. a4 f6 16. Nf3 Kh8 17. Nh4 Be4 18. a5 Nc8 19. Nxe4 dxe4 20. g3 g5 21. Ng2 a6 22. Rfd1 Nd6 23. d5 Rac8 24. Qa3 Rfd8 25. Ne1 Nge8 26. dxc6 Rxc6 27. Rd2 Rdc8 28. Rad1 R8c7 29. Qb3 Nc4 30. Bxc4 Rxc4 31. Nc2 Kg7 32. Kg2 Kg6 33. Nd4 Qe5 34. h4 h6 35. g4 Ng7 36. h5+ Kh7 37. Qb6 Qe7 38. Nf5 Nxf5 39. gxf5 1-0

[Event "SA-2016-0-00553"]
[Site "LSS email"]
[Date "2016.12.02"]
[Round "?"]
[White "Vaassen, Jack M"]
[Black "Korzh, Leonty"]
[Result "1-0"]
[WhiteElo "2177"]
[BlackElo "2113"]
[PlyCount "93"]
[EventDate "2016.11.16"]
[EventType "tourn (corr)"]
[EventRounds "6"]
[EventCountry "GER"]
[SourceTitle "Corr 2022"]
[Source "ChessBase"]
[SourceDate "2021.10.24"]
[SourceVersion "1"]
[SourceVersionDate "2021.10.24"]
[SourceQuality "1"]

1. e4 e5 2. Nf3 Nc6 3. Be2 Nf6 4. d3 d5 5. Nbd2 Be7 6. 0-0 0-0 7. c3 Re8 8. b4 Bd6 9. Bb2 b6 10. exd5 Nxd5 11. g3 a6 12. Re1 Nf6 13. Ng5 Bf5 14. Nc4 h6 15. Bf3 Qd7 16. Ne4 Nxe4 17. Bxe4 Rad8 18. Ne3 Bxe4 19. dxe4 Ne7 20. Qe2 Qc6 21. Qg4 a5 22. a3 g6 23. Rad1 Kg7 24. Qf3 f6 25. Re2 Ra8 26. Qg2 b5 27. f3 Red8 28. Red2 Nc8 29. h4 Ne7 30. h5 gxh5 31. Qh3 Qe8 32. g4 Qf7 33. Bc1 Kh7 34. Kh1 Kh8 35. Rg2 Rg8 36. Rh2 Rgd8 37. Rg1 axb4 38. cxb4 Rab8 39. Qf1 Qb3 40. Rxh5 Kg7 41. Qg2 Rf8 42. Kh2 Ra8 43. Rh3 Rh8 44. Nf5+ Kf7 45. Nxh6+ Ke8 46. g5 fxg5 47. Qg4 1-0

[Event "RA-2016-0-00474"]
[Site "LSS email"]
[Date "2016.10.09"]
[Round "?"]
[White "Cvak, Rudolf"]
[Black "Korzh, Leonty"]
[Result "1-0"]
[WhiteElo "2187"]
[BlackElo "2124"]
[PlyCount "73"]
[EventDate "2016.09.19"]
[EventType "tourn (corr)"]
[EventRounds "6"]
[EventCountry "GER"]
[SourceTitle "Corr 2022"]
[Source "ChessBase"]
[SourceDate "2021.10.24"]
[SourceVersion "1"]
[SourceVersionDate "2021.10.24"]
[SourceQuality "1"]

1. e4 e5 2. Nf3 Nc6 3. Bc4 Bc5 4. 0-0 Nf6 5. d3 0-0 6. c3 d5 7. exd5 Nxd5 8. a4 a6 9. Nbd2 Nb6 10. Ba2 Bg4 11. a5 Nd5 12. Ne4 Be7 13. h3 Be6 14. Nfg5 Bxg5 15. Nxg5 Qe7 16. Re1 Rad8 17. Nxe6 fxe6 18. Re2 Qf6 19. Qe1 Rd6 20. Bc4 Qf5 21. b4 Rf6 22. Rb1 Rg6 23. Kh1 Nf4 24. Bxf4 Qxf4 25. f3 Qf6 26. Re4 h6 27. Rb2 Kh7 28. Rbe2 Qf7 29. Bb3 Qf8 30. Rc4 Rf6 31. Ba4 Qd8 32. Bxc6 Rxc6 33. Rxc6 bxc6 34. Rxe5 Qxd3 35. Kg1 Qc2 36. Qe4+ Qxe4 37. fxe4 1-0

[Event "RA-2016-0-00474"]
[Site "LSS email"]
[Date "2016.10.08"]
[Round "?"]
[White "Leijen, Peter"]
[Black "Korzh, Leonty"]
[Result "1/2-1/2"]
[WhiteElo "2192"]
[BlackElo "2124"]
[PlyCount "90"]
[EventDate "2016.09.19"]
[EventType "tourn (corr)"]
[EventRounds "6"]
[EventCountry "GER"]
[SourceTitle "Corr 2022"]
[Source "ChessBase"]
[SourceDate "2021.10.24"]
[SourceVersion "1"]
[SourceVersionDate "2021.10.24"]
[SourceQuality "1"]

1. d4 Nf6 2. c4 e6 3. Nf3 b6 4. g3 Bb7 5. Bg2 Be7 6. 0-0 0-0 7. Nc3 Ne4 8. Bd2 Bf6 9. Rc1 d6 10. Ne1 Nxc3 11. Bxc3 Bxg2 12. Nxg2 c5 13. e3 Nd7 14. Qe2 Rc8 15. Rfd1 Qe7 16. e4 cxd4 17. Bxd4 Rfd8 18. Ne3 Nc5 19. Bxf6 Qxf6 20. f3 a5 21. Rd2 Rd7 22. Rcd1 Rcd8 23. b3 h6 24. Nc2 Qe5 25. Nd4 Na6 26. Kg2 Qc5 27. Qe3 a4 28. Qf2 Nc7 29. Qe2 axb3 30. axb3 Ra8 31. Rb2 b5 32. cxb5 Qb6 33. Rc2 e5 34. Nc6 Re8 35. Qf2 Qxf2+ 36. Kxf2 Nxb5 37. Ra1 g6 38. Rc4 h5 39. Ra6 Kg7 40. Ke1 d5 41. Rc5 dxe4 42. Rxb5 exf3 43. Ra7 Rxa7 44. Nxa7 e4 45. Nc6 e3 1/2-1/2

[Event "SA-2016-0-00531"]
[Site "LSS email"]
[Date "2016.08.11"]
[Round "?"]
[White "Korzh, Leonty"]
[Black "Susla, Vitaliy"]
[Result "1/2-1/2"]
[WhiteElo "2129"]
[BlackElo "2310"]
[PlyCount "72"]
[EventDate "2016.07.24"]
[EventType "tourn (corr)"]
[EventRounds "6"]
[EventCountry "GER"]
[SourceTitle "Corr 2022"]
[Source "ChessBase"]
[SourceDate "2021.10.24"]
[SourceVersion "1"]
[SourceVersionDate "2021.10.24"]
[SourceQuality "1"]

1. e4 c5 2. Nf3 d6 3. d4 cxd4 4. Nxd4 Nf6 5. Nc3 a6 6. h3 e5 7. Nde2 h5 8. Bg5 Be6 9. Bxf6 Qxf6 10. Nd5 Qd8 11. Qd3 Nc6 12. 0-0-0 g6 13. Kb1 Bg7 14. g3 Rc8 15. h4 0-0 16. Bh3 b5 17. f3 f5 18. Rd2 Qe8 19. Qa3 a5 20. Qxd6 Rf7 21. Qa3 b4 22. Qb3 Nd4 23. Nxd4 exd4 24. exf5 a4 25. fxe6 axb3 26. exf7+ Qxf7 27. Bxc8 bxc2+ 28. Rxc2 Qxd5 29. Ba6 Qxf3 30. Rg1 d3 31. Bc4+ Kh7 32. Rd2 Bc3 33. bxc3 bxc3 34. Rxd3 Qf2 35. Rxc3 Qxg1+ 36. Kb2 Qb6+ 1/2-1/2

[Event "SA-2016-0-00519"]
[Site "LSS email"]
[Date "2016.05.23"]
[Round "?"]
[White "Korzh, Leonty"]
[Black "Kudr, Roman"]
[Result "1/2-1/2"]
[WhiteElo "2124"]
[BlackElo "2106"]
[PlyCount "44"]
[EventDate "2016.04.05"]
[EventType "tourn (corr)"]
[EventRounds "6"]
[EventCountry "GER"]
[SourceTitle "Corr 2022"]
[Source "ChessBase"]
[SourceDate "2021.10.24"]
[SourceVersion "1"]
[SourceVersionDate "2021.10.24"]
[SourceQuality "1"]

1. e4 c5 2. Nf3 d6 3. d4 cxd4 4. Nxd4 Nf6 5. Nc3 a6 6. Be2 e5 7. Nb3 Be7 8. 0-0 0-0 9. Be3 Be6 10. Qd3 Nbd7 11. Nd5 Bxd5 12. exd5 Ne8 13. f4 exf4 14. Bxf4 Bg5 15. Bg3 Ne5 16. Qd4 Nf6 17. Bxe5 dxe5 18. Qxe5 Qb6+ 19. Kh1 Rae8 20. Qxg5 Rxe2 21. c4 Ne4 22. Qf5 Nf2+ 1/2-1/2